Statistics for Квиз о Монголији

Click here to take the quiz!

General Stats

  • This quiz has been taken 67 times
  • The average score is 7 of 20

Answer Stats

ОписОдговор% Correct
Велика пустиња која се налази између Монголије и КинеГоби
92%
Главни градУлан Батор
90%
Религија коју практикује нешто преко пола популацијеБудизам
84%
Оснивач Монголског царства{Џингис}-кан
82%
Државна идеологија 1924–1992Комунизам
66%
Животиња која је симбол Монголије, у њој живи више ових животиња него људиКоњ
62%
Држава са којом се Монголија скоро граничиКазахстан
58%
Монголски кан који је освојио Кину 1279. године{Кублај}-кан
38%
Врста орла који се користи у лову{Сури} орао
30%
Преносиви номадски шатор какав Монголи и дан данас користеЈурта
28%
Назив за велике травнате површине Азије, које прекривају огроман део МонголијеСтепа
28%
Кинеска регија на граници, у којој живе више етничких Монгола него у самој Монголији{Унутрашња} Монголија
24%
Овај град је био задња престоница Монголског царстваПекинг
14%
Његово право имеТемуџин
8%
Планински венац на западу МонголијеАлтај
8%
Превод имена града на српскиЦрвени Херој
6%
Кинеска династија коју је утемељила особа изнадЈуан
4%
Грана привреде која чини 80% извозаРударство
4%
Државна валутаТугрик
2%
Врста камиле са две грбе која је честа у МонголијиБактријска
0%

Score Distribution

Percentile by Number Answered

Percent of People with Each Score

Your Score History

You have not taken this quiz